Statistics for 2021年中亚百万人口城市

Click here to take the quiz!

General Stats

  • This quiz has been taken 140 times
  • The average score is 8 of 13

Answers on the Map

Answers color-coded by a green-red scale on the quiz's map according to % correct below.
 

Answer Stats

人口(万)城市% Correct
217.5阿拉木图
91%
118努尔苏丹
90%
330塔什干
85%
143乌兰巴托
82%
103杜尚别
76%
112比什凯克
74%
170新西伯利亚
67%
144阿什哈巴德
65%
167叶卡捷琳堡
60%
115鄂木斯克
36%
140车里雅宾斯克
31%
107希姆肯特
21%
112克拉斯诺亚尔斯克
18%

Score Distribution

Percentile by Number Answered

Percent of People with Each Score

Your Score History

You have not taken this quiz